| 000 | 00744nam a22001817a 4500 | ||
|---|---|---|---|
| 999 |
_c13574 _d13574 |
||
| 003 | AR-CdUCM | ||
| 008 | 190415b ||||| |||| 00| 0 spa d | ||
| 040 |
_aMUNICIPALIDAD PROVINCIAL DEL CUSCO _cBIBLIOTECA MUNICIPAL DEL CUSCO |
||
| 082 |
_aC / 985.061 / _bD63 |
||
| 100 |
_aDellepiane, Carlos _912560 |
||
| 245 | _aHistoria militar del Perú / | ||
| 260 |
_aLima : _bGil, _c1931. |
||
| 300 |
_a2 tomos ; _bmapas. _c25 cm. |
||
| 505 | _aContenido: t.1:Prodromos en la emancipación, La expedición libertadora -- San Martin en el Perú, Primera campaña de arenales en el Peru -- t.2: Guerra de Pacífico, Campaña marítima Campaña de Tarapacá... | ||
| 650 |
_aHistoria marítima. _917053 |
||
| 942 |
_2ddc _cLIBROS |
||
| 945 |
_awfj _d2019-04-15 |
||